000 00621nam a22002297a 4500
003 UA-OsUOA
001 116773
007 ta
008 20160404b un ||||| |||| 00| 0 ukr d
100 _aПадалка О.С.
700 _aКулішов В.В.
090 _a330(477)
_bП12
942 _cSA
040 _aUA-OsUOA
_bukr
_cUA-OsUOA
_dUA-OsUOA
245 _aЕкономіка та менеджмент освіти: національний аспект
300 _aС.84-92
955 _a0
041 _aukr
080 _a330(477)
773 0 _w116770
650 7 _a330 Економіка взагалі
_2UDC
999 _c402685
_d402685